000 00734nam a2200265Ia 4500
001 Para_4724
003 CHAP
008 220125s1908 xx 000 0 und d
010 _a203198
040 _cCHAP
090 _aPA FOLLETO 2125
100 _aGossard, H. A.
_950071
245 _aSpring practice in economic zoology /
_c H. A. Gossard
260 _aWooster, Ohio :
_b Agricultural Experiment Station
300 _ap. 15-88
440 _aOhio. Agr. Exp. Sta. Bull; 198
_9168852
650 _aZoología económica
_9124187
901 _aPA FOLLETO 2125
902 _aA
905 _a0000001908 WOO 0000000000 00
910 _a1908
942 _cPARA
942 _cPARA
_d1
999 _c203198
_d203198